Guidelines for the formulations of research project proposals / (Record no. 13008)

MARC details
000 -LEADER
fixed length control field 00602nam a22001932 4500
001 - CONTROL NUMBER
control field 0000005959
005 - DATE AND TIME OF LATEST TRANSACTION
control field 20151217155829.0
008 - FIXED-LENGTH DATA ELEMENTS--GENERAL INFORMATION
fixed length control field 070817s xx 000 0 eng d
040 ## - CATALOGING SOURCE
Original cataloging agency KABU
Transcribing agency KABU
050 #0 - LIBRARY OF CONGRESS CALL NUMBER
Classification number Q180.55
Item number .P7G85
245 10 - TITLE STATEMENT
Title Guidelines for the formulations of research project proposals /
Statement of responsibility, etc. ed. by S. O. Keya ... [et al.]
260 ## - PUBLICATION, DISTRIBUTION, ETC. (IMPRINT)
Place of publication, distribution, etc. Nairobi :
Name of publisher, distributor, etc. OUP,
Date of publication, distribution, etc. 1989.
300 ## - PHYSICAL DESCRIPTION
Extent viii, 61 p.
650 #0 - SUBJECT ADDED ENTRY--TOPICAL TERM
Topical term or geographic name as entry element Proposal writing in research.
-- 0000157288
700 1# - ADDED ENTRY--PERSONAL NAME
Personal name Keya, S. O.
-- 0000157289
908 ## - PUT COMMAND PARAMETER (RLIN)
Put command parameter 070817
950 ## - LOCAL HOLDINGS (RLIN)
-- 1
Holdings
Withdrawn status Lost status Source of classification or shelving scheme Not for loan Home library Current library Date acquired Total Checkouts Full call number Barcode Date last seen Price effective from Koha item type
    Library of Congress Classification   Kabarak, Main Campus Kabarak, Main Campus 17/12/2015   Q180.55 .P7G85 003932 17/12/2015 17/12/2015 Africana Collection
Designed with assistance from East African Informatics Ltd